000 00849cab a2200277 4500
001 ABS50344
008 090401t1994 xxu||||| |||| 00| 0 eng d
035 _a(Sirsi) u75378
041 _aeng
100 _aBaum, A.
245 _aQuality and property performance
260 _c1994
350 _a0
490 _aJournal of Property Valuation and Investment
_v12(1) 1994, 31-46(16)
520 _aConsiders the question whether quality in property development is likely to lead to high returns.
650 _aCAPITAL VALUES
650 _aDEPRECIATION
650 _aOBSOLESCENCE
650 _aOFFICES
650 _aPROPERTY DEVELOPMENT
650 _aSHOPPING CENTRES
690 _aPROPERTY-COMMERCIAL PROPERTY-COMMERCIAL PROPERTY FINANCE AND INVESTMENT
690 _aPROPERTY LAW AND PRACTICE
942 _n0
948 _c04/03/1997
999 _c47471
_d47471